[Event "European Hybrid Qual 2021"]
[Site "Tornelo INT"]
[Date "2021.05.25"]
[Round "1.3"]
[White "Spasov, Vasil"]
[Black "Shevchenko, Kirill"]
[Result "1/2-1/2"]
[WhiteTitle "GM"]
[BlackTitle "GM"]
[WhiteElo "2497"]
[BlackElo "2599"]
[WhiteFideId "2900041"]
[BlackFideId "14129574"]
[EventDate "2021.05.24"]
[EventType "k.o."]

1. e4 e5 2. Nf3 d6 3. d4 exd4 4. Nxd4 Nf6 5. Nc3 g6 6. g3 Bg7 7. Bg2 O-O 8. O-O
Re8 9. h3 Bd7 10. Nde2 Bc6 11. Bg5 h6 12. Bxf6 Bxf6 13. Rb1 Nd7 14. Nd5 Bg7 15.
Re1 h5 16. h4 Nf6 17. Nec3 Bd7 18. Qd2 Nxd5 19. Nxd5 c6 20. Ne3 Be6 21. b3 Qc7
22. Rbd1 Rad8 23. c4 a5 24. Kh2 Qb6 25. f4 Bc8 26. Re2 Qb4 27. Qxb4 axb4 28.
Red2 Be6 29. Rxd6 Ra8 30. R6d2 Bc3 31. Re2 Red8 32. Bh3 Rxd1 33. Nxd1 Rd8 34.
Bxe6 Rxd1 35. Bc8 b6 36. Bb7 c5 37. Bd5 Kg7 38. e5 Rd2 39. Rxd2 Bxd2 40. Kg2 Be1
41. Kf3 Kf8 42. Be4 Ke7 43. Bd3 Ke6 44. Be2 Ke7 45. g4 Bxh4 46. gxh5 gxh5 47.
Ke4 f6 48. Bxh5 fxe5 49. Kxe5 Bg3 50. Bg4 Bh2 51. Ke4 Kd6 52. Kf5 Bg3 53. Kg5
Ke7 54. f5 Be5 55. Kg6 Bd4 1/2-1/2

[Event "European Hybrid Qual 2021"]
[Site "Tornelo INT"]
[Date "2021.05.25"]
[Round "1.4"]
[White "Shevchenko, Kirill"]
[Black "Spasov, Vasil"]
[Result "1-0"]
[WhiteTitle "GM"]
[BlackTitle "GM"]
[WhiteElo "2599"]
[BlackElo "2497"]
[WhiteFideId "14129574"]
[BlackFideId "2900041"]
[EventDate "2021.05.24"]
[EventType "k.o."]

1. e4 c5 2. c3 d6 3. d4 Nf6 4. Bd3 Nc6 5. d5 Ne5 6. Bc2 e6 7. f4 Ng6 8. dxe6
fxe6 9. Nf3 Be7 10. f5 exf5 11. exf5 Ne5 12. Nxe5 dxe5 13. Qxd8+ Bxd8 14. Na3
Bd7 15. O-O Bc7 16. Bg5 O-O-O 17. Rae1 b5 18. Be3 Bb6 19. c4 b4 20. Nb1 Bc6 21.
Nd2 a5 22. Nf3 h6 23. Nxe5 Be8 24. Rd1 Bh5 25. Rxd8+ Rxd8 26. h3 Re8 27. Bf4 Bc7
28. Re1 Nd7 29. Ba4 Rxe5 30. Bxd7+ 1-0

[Event "European Hybrid Qual 2021"]
[Site "Tornelo INT"]
[Date "2021.05.24"]
[Round "1.1"]
[White "Mchedlishvili, Mikheil"]
[Black "Lobanov, Sergei"]
[Result "1-0"]
[WhiteTitle "GM"]
[BlackTitle "IM"]
[WhiteElo "2570"]
[BlackElo "2515"]
[WhiteFideId "13600966"]
[BlackFideId "24183750"]
[EventDate "2021.05.24"]
[EventType "k.o."]

1. d4 Nf6 2. c4 e6 3. Nf3 d5 4. Nc3 Bb4 5. cxd5 exd5 6. Bg5 h6 7. Bh4 O-O 8. e3
Bf5 9. Be2 c5 10. dxc5 Nbd7 11. Nd4 Bh7 12. c6 bxc6 13. Nxc6 Qb6 14. Nxb4 Qxb4
15. Bxf6 Nxf6 16. Qb3 Qe7 17. O-O Rab8 18. Qa3 Qxa3 19. bxa3 Rb2 20. Rfc1 Rfb8
21. Bd1 Bd3 22. Bb3 Bc4 23. Rab1 Rxb1 24. Rxb1 Ne4 25. Nxe4 dxe4 26. g4 h5 27.
gxh5 Rb5 28. h4 Kh7 29. a4 Rb6 30. Rc1 Bxb3 31. axb3 Rxb3 32. Rc7 f6 33. Rxa7
Kh6 34. Ra5 Ra3 35. Kg2 Ra1 36. Kh2 Ra3 37. Kg3 Ra2 38. Ra8 Kxh5 39. a5 Kg6 40.
a6 Kf5 41. a7 Kg6 42. h5+ Kf5 43. f3 exf3 44. e4+ Kg5 45. Kxf3 Ra3+ 46. Ke2 Kh4
47. Kd2 Kg5 48. Kc2 Kh4 49. Kb2 Ra6 50. Kc3 Ra3+ 51. Kb4 Ra1 52. Kc5 Ra2 53. Kd6
Ra4 54. Ke6 Rxe4+ 55. Kf7 Ra4 56. Kxg7 Kxh5 57. Kxf6 1-0

[Event "European Hybrid Qual 2021"]
[Site "Tornelo INT"]
[Date "2021.05.25"]
[Round "1.2"]
[White "Lobanov, Sergei"]
[Black "Mchedlishvili, Mikheil"]
[Result "1/2-1/2"]
[WhiteTitle "IM"]
[BlackTitle "GM"]
[WhiteElo "2515"]
[BlackElo "2570"]
[WhiteFideId "24183750"]
[BlackFideId "13600966"]
[EventDate "2021.05.24"]
[EventType "k.o."]

1. e4 e5 2. Nf3 Nf6 3. Nc3 Nc6 4. a3 d5 5. Bd3 Bg4 6. h3 Bh5 7. exd5 Nxd5 8. Be4
Nde7 9. g4 Bg6 10. d3 Qd7 11. Be3 O-O-O 12. Qd2 h5 13. Rg1 hxg4 14. hxg4 Bxe4
15. Nxe4 Qe6 16. Nfg5 Qg6 17. Qe2 Nd5 18. Qf3 f6 19. Ne6 Re8 20. Nxf8 Rhxf8 21.
O-O-O Qf7 22. Kb1 g6 23. Bc5 Rh8 24. d4 b6 25. dxe5 Nxe5 26. Qb3 Nf4 27. Be3
Qxb3 28. cxb3 Nh3 29. Rg3 f5 30. gxf5 gxf5 31. Nf6 f4 32. Bxf4 Nxf4 33. Nxe8
Rxe8 34. Re1 Kd7 35. Rg7+ Kd6 36. Rd1+ Nd5 37. f4 Nc6 38. Rg6+ Re6 39. f5 Rxg6
40. fxg6 Ne7 41. g7 Ke6 42. Rf1 Nf6 43. b4 Kf7 44. Re1 c6 45. Ka2 Ned5 46. Rc1
Ne7 47. Re1 Ned5 48. Rg1 Ne7 49. a4 Nf5 50. Ka3 Nxg7 51. Rc1 Ne6 52. Rxc6 Nd5
53. Rc8 Nec7 54. b5 Ke6 55. Rh8 Kd7 56. Kb3 a6 57. bxa6 Nxa6 58. Kc4 Nac7 59. b4
b5+ 60. axb5 Nb6+ 61. Kc5 Na4+ 62. Kc4 Nb6+ 63. Kd4 Ne6+ 64. Ke4 Nd8 65. Rh7+
Kc8 66. Rh6 Kc7 67. Kd4 Nd7 68. Rg6 Nb6 69. Rh6 Nd7 70. Ra6 Nb6 71. Ra7+ Nb7 72.
Ra6 Nd6 73. Ra7+ Nb7 74. Ra1 Nd6 75. Rc1+ Kb7 76. Rc6 Nxb5+ 77. Kc5 Nc8 78. Rxc8
Kxc8 79. Kxb5 Kb7 80. Kc5 Kc7 81. b5 Kb7 82. b6 Kb8 83. Kc6 Kc8 84. b7+ Kb8 85.
Kb6 1/2-1/2

[Event "European Hybrid Qual 2021"]
[Site "Tornelo INT"]
[Date "2021.05.24"]
[Round "1.1"]
[White "Bogosavljevic, Boban"]
[Black "Pantzar, Milton"]
[Result "0-1"]
[WhiteTitle "GM"]
[BlackTitle "IM"]
[WhiteElo "2521"]
[BlackElo "2421"]
[WhiteFideId "931152"]
[BlackFideId "1721003"]
[EventDate "2021.05.24"]
[EventType "k.o."]

1. Nf3 d5 2. g3 Nd7 3. d4 Nb6 4. Bg2 Bf5 5. O-O e6 6. Nbd2 Be7 7. c4 c6 8. Ne5
Nf6 9. Qb3 O-O 10. Ndf3 dxc4 11. Nxc4 Nxc4 12. Qxc4 Be4 13. Ne5 Bd5 14. Bxd5
exd5 15. Qb3 Qc7 16. Bf4 Bd6 17. Rac1 Rfe8 18. Rc2 h6 19. Qf3 Re6 20. h4 Rae8
21. h5 Ne4 22. Qg4 Qe7 23. e3 c5 24. b3 b5 25. Qf5 Bxe5 26. Bxe5 c4 27. Bf4 Rd8
28. bxc4 bxc4 29. Rb1 Rb6 30. Rcb2 Rxb2 31. Rxb2 c3 32. Rc2 Qb7 0-1

[Event "European Hybrid Qual 2021"]
[Site "Tornelo INT"]
[Date "2021.05.25"]
[Round "1.2"]
[White "Pantzar, Milton"]
[Black "Bogosavljevic, Boban"]
[Result "1/2-1/2"]
[WhiteTitle "IM"]
[BlackTitle "GM"]
[WhiteElo "2421"]
[BlackElo "2521"]
[WhiteFideId "1721003"]
[BlackFideId "931152"]
[EventDate "2021.05.24"]
[EventType "k.o."]

1. d4 d6 2. Nf3 Nf6 3. c4 Nbd7 4. Nc3 e5 5. e4 Be7 6. g3 O-O 7. Bg2 a6 8. O-O b5
9. c5 Bb7 10. cxd6 Bxd6 11. Qc2 c5 12. dxe5 Nxe5 13. Nxe5 Bxe5 14. Be3 Rc8 15.
h3 Re8 16. Bg5 h6 17. Rfd1 Qb6 18. Bxf6 Qxf6 19. Rab1 Qg6 20. Nd5 h5 21. h4 Bd4
22. Rbc1 Qg4 23. Rd2 b4 24. Kh2 Rcd8 25. Rcd1 a5 26. f3 Qg6 27. Nf4 Qb6 28. Nxh5
Qh6 29. Nf4 g5 30. Ne2 gxh4 31. Nxd4 cxd4 32. Qc7 hxg3+ 33. Kxg3 Kh8 34. Bh3
Bxe4 35. Bg4 Qe3 36. Qxf7 Bh7 37. Rh2 Qe5+ 38. Kg2 Qg7 39. Rxh7+ Qxh7 40. Rh1
Re2+ 41. Kg3 Qxh1 42. Qf6+ Kh7 43. Qf7+ Kh8 44. Qf6+ Kg8 45. Be6+ Rxe6 46. Qxe6+
Kg7 47. Qe7+ Kg6 48. Qe6+ Kg7 49. Qe7+ Kg6 50. Qe6+ Kg7 1/2-1/2

[Event "European Hybrid Qual 2021"]
[Site "Tornelo INT"]
[Date "2021.05.24"]
[Round "1.1"]
[White "Salgado Lopez, Ivan"]
[Black "Colovic, Aleksandar"]
[Result "1/2-1/2"]
[WhiteTitle "GM"]
[BlackTitle "GM"]
[WhiteElo "2599"]
[BlackElo "2443"]
[WhiteFideId "2257327"]
[BlackFideId "15000729"]
[EventDate "2021.05.24"]
[EventType "k.o."]

1. c4 e6 2. g3 d5 3. Bg2 Nf6 4. Nf3 d4 5. d3 Be7 6. e4 c5 7. e5 Nfd7 8. h4 Nc6
9. Bf4 h6 10. Na3 Qa5+ 11. Kf1 a6 12. g4 Qc7 13. Qe2 f6 14. exf6 Qxf4 15. fxe7
Nf6 16. g5 Ng4 17. Nc2 e5 18. Rb1 Nxe7 19. b4 O-O 20. bxc5 Bf5 21. Rxb7 Ng6 22.
Rb3 e4 23. dxe4 Bxe4 24. Ncxd4 Rad8 25. Kg1 Rfe8 26. Qf1 Rxd4 27. Nxd4 Bxg2 28.
Kxg2 Qxd4 29. Rf3 N4e5 30. Rg3 Nxh4+ 31. Rxh4 Qxh4 32. Qe2 hxg5 33. Re3 Qd4 34.
Qh5 Re7 35. Qxg5 Re6 36. Qf5 Rg6+ 37. Rg3 Rxg3+ 38. Kxg3 Qc3+ 39. Kg2 Nxc4 40.
Qd5+ Kh7 41. Qh5+ Kg8 42. Qe8+ Kh7 43. Qh5+ Kg8 44. Qe8+ Kh7 45. Qh5+ 1/2-1/2

[Event "European Hybrid Qual 2021"]
[Site "Tornelo INT"]
[Date "2021.05.25"]
[Round "1.2"]
[White "Colovic, Aleksandar"]
[Black "Salgado Lopez, Ivan"]
[Result "0-1"]
[WhiteTitle "GM"]
[BlackTitle "GM"]
[WhiteElo "2443"]
[BlackElo "2599"]
[WhiteFideId "15000729"]
[BlackFideId "2257327"]
[EventDate "2021.05.24"]
[EventType "k.o."]

1. d4 d5 2. c4 e6 3. Nc3 Nf6 4. Bg5 dxc4 5. e3 c5 6. Bxc4 cxd4 7. exd4 Be7 8.
Nf3 O-O 9. O-O Nc6 10. a3 b6 11. Qd3 Bb7 12. Rad1 h6 13. Bc1 Re8 14. Rfe1 Bf8
15. b4 a5 16. b5 Ne7 17. Rxe6 Bxf3 18. Rxf6 Bxd1 19. Rxf7 Rc8 20. Bd2 Bc2 21.
Rxe7+ Kh8 22. Qxc2 Qxe7 23. Bf1 Qxa3 24. Qg6 Qd6 25. Qg4 Qe6 26. Qh5 Bb4 27. Qf3
Rf8 28. Qg3 Bxc3 29. Bxc3 Qb3 30. Bd2 Qxg3 31. hxg3 a4 32. Bd3 a3 33. Bb4 a2 0-1

[Event "European Hybrid Qual 2021"]
[Site "Tornelo INT"]
[Date "2021.05.24"]
[Round "1.1"]
[White "Mastrovasilis, Athanasios"]
[Black "Roebers, Eline"]
[Result "1-0"]
[WhiteTitle "GM"]
[WhiteElo "2521"]
[BlackElo "2066"]
[WhiteFideId "4201990"]
[BlackFideId "1058401"]
[EventDate "2021.05.24"]
[EventType "k.o."]

1. d4 f5 2. Nc3 Nf6 3. Bg5 d5 4. e3 e6 5. Nf3 a6 6. Ne2 c5 7. Nf4 Qb6 8. Bxf6
gxf6 9. Be2 Qxb2 10. c4 Qb4+ 11. Kf1 cxd4 12. Nxd4 Qd6 13. Bh5+ Ke7 14. c5 Qe5
15. Rb1 Bh6 16. Rb6 Bxf4 17. exf4 Qxf4 18. g3 Qc7 19. Nxf5+ exf5 20. Qxd5 Qe5
21. Qf7+ Kd8 22. Qg7 Nd7 23. Qxh8+ Kc7 24. Rb3 Nxc5 25. Re3 Ne4 26. Kg2 Kb6 27.
Rb1+ Ka7 28. Bf3 Bd7 29. Qxh7 Bc6 30. Reb3 Rb8 31. Qh6 Rd8 32. Qe3+ Ka8 33. Rd3
Rg8 34. Rbd1 Qc7 35. Rc1 Qe5 36. Qb6 Qe7 37. Rxc6 1-0

[Event "European Hybrid Qual 2021"]
[Site "Tornelo INT"]
[Date "2021.05.25"]
[Round "1.2"]
[White "Roebers, Eline"]
[Black "Mastrovasilis, Athanasios"]
[Result "1-0"]
[BlackTitle "GM"]
[WhiteElo "2066"]
[BlackElo "2521"]
[WhiteFideId "1058401"]
[BlackFideId "4201990"]
[EventDate "2021.05.24"]
[EventType "k.o."]

1. e4 e5 2. Nf3 Nc6 3. d4 exd4 4. Nxd4 Bc5 5. Nb3 Bb6 6. Nc3 Nf6 7. Qe2 O-O 8.
Be3 d5 9. O-O-O d4 10. Bg5 h6 11. h4 hxg5 12. hxg5 Ng4 13. f4 dxc3 14. Rxd8 Rxd8
15. g6 Be3+ 16. Kb1 Nd4 17. Nxd4 Rxd4 18. f5 Nf6 19. bxc3 Rxe4 20. Qf3 Bh6 21.
Bd3 Re3 22. Qf2 Ng4 23. Qh4 Rxd3 24. Qe7 Bxf5 25. gxf7+ Kh7 26. cxd3 Nf2 27.
Rxh6+ Kxh6 28. f8=Q Rxf8 29. Qxf8 Bxd3+ 30. Kc1 Ne4 31. Qf4+ Kh7 32. Qe3 1-0

[Event "European Hybrid Qual 2021"]
[Site "Tornelo INT"]
[Date "2021.05.25"]
[Round "1.3"]
[White "Roebers, Eline"]
[Black "Mastrovasilis, Athanasios"]
[Result "0-1"]
[BlackTitle "GM"]
[WhiteElo "2066"]
[BlackElo "2521"]
[WhiteFideId "1058401"]
[BlackFideId "4201990"]
[EventDate "2021.05.24"]
[EventType "k.o."]

1. e4 e5 2. Nf3 Nc6 3. d4 exd4 4. Nxd4 Bc5 5. Nb3 Bb6 6. Nc3 Nf6 7. Qe2 O-O 8.
Bg5 Nd4 9. Qd2 Nxb3 10. cxb3 h6 11. Be3 Bxe3 12. Qxe3 d5 13. O-O-O Ng4 14. Qd2
d4 15. h3 Nxf2 16. Qxf2 Qg5+ 17. Kb1 dxc3 18. bxc3 Be6 19. g4 a5 20. Rg1 a4 21.
b4 Rad8 22. Bd3 Qe5 23. Qc2 a3 24. h4 f6 25. Be2 c5 26. bxc5 Qxc5 27. Rg3 Rxd1+
28. Bxd1 Rd8 29. Be2 Qf2 30. Rd3 Rxd3 31. Qxd3 Qb6+ 32. Kc1 Qb2+ 33. Kd1 Bxa2
34. Qd8+ Kh7 35. e5 Bb3+ 36. Ke1 Qc1+ 37. Kf2 Qf4+ 38. Kg2 fxe5 39. Qd6 Bc2 40.
Qxa3 Be4+ 41. Kg1 Qg3+ 42. Kf1 Bg2+ 43. Kg1 Bh3+ 0-1

[Event "European Hybrid Qual 2021"]
[Site "Tornelo INT"]
[Date "2021.05.25"]
[Round "1.4"]
[White "Mastrovasilis, Athanasios"]
[Black "Roebers, Eline"]
[Result "0-1"]
[WhiteTitle "GM"]
[WhiteElo "2521"]
[BlackElo "2066"]
[WhiteFideId "4201990"]
[BlackFideId "1058401"]
[EventDate "2021.05.24"]
[EventType "k.o."]

1. d4 f5 2. Nc3 Nf6 3. Bg5 d5 4. e3 e6 5. Nf3 a6 6. Ne2 h6 7. Bxf6 Qxf6 8. h4 c5
9. Nf4 Bd6 10. g3 Nc6 11. c3 O-O 12. h5 Rd8 13. Bg2 Kh7 14. Qc2 Bd7 15. Rd1 Rac8
16. Qb1 b5 17. a3 a5 18. g4 Ne7 19. Bh3 Kg8 20. gxf5 exf5 21. Kf1 b4 22. dxc5
Bxc5 23. axb4 axb4 24. cxb4 Bxb4 25. Nd4 Bd6 26. Bg2 Be5 27. Rh3 Be8 28. Kg1 Rc4
29. Nde2 Bf7 30. b3 Rc7 31. Qd3 Rcd7 32. Nd4 Rc8 33. Bf3 Rdc7 34. Rg3 Rc3 35.
Qd2 R3c5 36. Kg2 Rd8 37. Kg1 Nc6 38. Nxc6 Rxc6 39. Rg2 Rcd6 40. Ne2 d4 41. exd4
Bxd4 42. Nxd4 Rxd4 43. Qe1 Rxd1 44. Bxd1 Qd4 45. Bf3 Bxb3 46. Qe7 Bf7 47. Kh2
Qf4+ 48. Rg3 Re8 49. Qa3 Qh4+ 50. Kg2 f4 51. Rg4 Qf6 52. Qc5 Re5 53. Qc8+ Kh7
54. Qc2+ Kg8 55. Qc8+ Re8 56. Qc7 Bxh5 57. Rxf4 Qg5+ 58. Kh2 Bxf3 59. Rxf3 Qh4+
60. Kg2 Qg4+ 61. Qg3 Qe6 62. Re3 Qd5+ 63. Kh2 Rf8 64. Re7 Rxf2+ 65. Kg1 Rf7 66.
Rxf7 Qxf7 67. Qb8+ Kh7 68. Qb5 Qf6 69. Kh2 Qh4+ 70. Kg2 Qg5+ 71. Qxg5 hxg5 72.
Kg3 Kh6 73. Kg4 Kg6 74. Kg3 Kh5 75. Kh3 g4+ 76. Kg3 Kg5 77. Kg2 Kh4 78. Kh2 g3+
79. Kg2 Kg4 80. Kg1 Kh3 81. Kh1 g6 82. Kg1 g2 0-1

[Event "European Hybrid Qual 2021"]
[Site "Tornelo INT"]
[Date "2021.05.25"]
[Round "1.5"]
[White "Roebers, Eline"]
[Black "Mastrovasilis, Athanasios"]
[Result "1-0"]
[BlackTitle "GM"]
[WhiteElo "2066"]
[BlackElo "2521"]
[WhiteFideId "1058401"]
[BlackFideId "4201990"]
[EventDate "2021.05.24"]
[EventType "k.o."]

1. e4 e5 2. Nf3 Nc6 3. Bc4 Bc5 4. c3 Nf6 5. d4 exd4 6. e5 d5 7. Bb5 Ne4 8. cxd4
Bb6 9. Nc3 O-O 10. Be3 Bg4 11. h3 Bh5 12. Qc2 Nxc3 13. bxc3 Bg6 14. Bd3 Ne7 15.
O-O c6 16. Ng5 Qd7 17. f4 Bxd3 18. Qxd3 Qf5 19. Qd2 h6 20. g4 Qd7 21. Nf3 f5 22.
Nh2 Kh7 23. Kh1 Qe6 24. Rg1 Rg8 25. Raf1 g6 26. Qf2 Rg7 27. Qh4 Rag8 28. Nf3 g5
29. Nxg5+ Rxg5 30. fxg5 Bd8 31. Qxh6+ Qxh6 32. gxh6 fxg4 33. Rf7+ Kg6 34. Rf6+
Kh7 35. Rxg4 Ng6 36. Rf7+ Kh8 37. h7 Rg7 38. Rxg7 Kxg7 39. Rxg6+ 1-0

[Event "European Hybrid Qual 2021"]
[Site "Tornelo INT"]
[Date "2021.05.24"]
[Round "1.1"]
[White "Pechac, Jergus"]
[Black "Parvanyan, Ashot"]
[Result "1-0"]
[WhiteTitle "GM"]
[BlackTitle "IM"]
[WhiteElo "2519"]
[BlackElo "2436"]
[WhiteFideId "14926970"]
[BlackFideId "13307550"]
[EventDate "2021.05.24"]
[EventType "k.o."]

1. Nf3 Nf6 2. c4 e6 3. Nc3 d5 4. d4 dxc4 5. e4 Bb4 6. Bg5 c5 7. Bxc4 cxd4 8.
Nxd4 Bxc3+ 9. bxc3 Qa5 10. Bb5+ Nbd7 11. Bxf6 Qxc3+ 12. Kf1 gxf6 13. h4 Qb4 14.
Rh3 a6 15. Be2 Ne5 16. Rb1 Qd6 17. Rc3 Bd7 18. Rxb7 Bb5 19. Nxb5 Qxd1+ 20. Bxd1
axb5 21. Rxb5 O-O 22. Bb3 Rfd8 23. f4 Ng6 24. g3 Rd2 25. Rb7 Rad8 26. Rcc7 Nh8
27. f5 exf5 28. exf5 R8d3 29. Rc8+ Kg7 30. Rbb8 Rh2 31. Rg8+ Kh6 32. Rbd8 Rf3+
33. Kg1 Rff2 34. Bd5 Rb2 35. Bf3 Rhc2 36. g4 Ng6 37. fxg6 fxg6 38. Rd5 Rc1+ 39.
Bd1 Re2 40. Rh5+ 1-0

[Event "European Hybrid Qual 2021"]
[Site "Tornelo INT"]
[Date "2021.05.25"]
[Round "1.2"]
[White "Parvanyan, Ashot"]
[Black "Pechac, Jergus"]
[Result "1-0"]
[WhiteTitle "IM"]
[BlackTitle "GM"]
[WhiteElo "2436"]
[BlackElo "2519"]
[WhiteFideId "13307550"]
[BlackFideId "14926970"]
[EventDate "2021.05.24"]
[EventType "k.o."]

1. e4 e5 2. Nf3 Nc6 3. d4 exd4 4. Nxd4 Bc5 5. Nxc6 Qf6 6. Qf3 bxc6 7. Nd2 a5 8.
a4 d6 9. Nb3 Bb6 10. Bd2 Qxf3 11. gxf3 Ne7 12. Rg1 Ng6 13. Be3 O-O 14. O-O-O
Bxe3+ 15. fxe3 f5 16. exf5 Bxf5 17. Nd4 Bd7 18. Rg5 Nh4 19. f4 Rfe8 20. Rh5 Ng6
21. Bh3 Bxh3 22. Rxh3 Re4 23. b3 Ne7 24. Rg1 g6 25. Kd2 d5 26. c4 c5 27. Nf3 d4
28. exd4 Rb8 29. Ng5 Rxd4+ 30. Kc3 Rxf4 31. Ne6 Rf2 32. Rd1 Re2 33. Nxc5 Rf8 34.
Rd7 Rff2 35. Nd3 Rf7 36. b4 axb4+ 37. Nxb4 c6 38. a5 c5 39. Nd3 Ra2 40. Kb3 Re2
41. a6 Rf8 42. Nxc5 h5 43. Rhd3 Nc6 44. R3d6 Rb8+ 45. Nb7 Na5+ 46. Kc3 Ra2 47.
Rd8+ Rxd8 48. Rxd8+ Kf7 49. a7 Nxb7 50. a8=Q Rxa8 51. Rxa8 Ke6 52. Kd4 g5 53. c5
h4 54. c6 Nd6 55. Kc5 g4 56. Rg8 g3 1-0

[Event "European Hybrid Qual 2021"]
[Site "Tornelo INT"]
[Date "2021.05.25"]
[Round "1.3"]
[White "Parvanyan, Ashot"]
[Black "Pechac, Jergus"]
[Result "0-1"]
[WhiteTitle "IM"]
[BlackTitle "GM"]
[WhiteElo "2436"]
[BlackElo "2519"]
[WhiteFideId "13307550"]
[BlackFideId "14926970"]
[EventDate "2021.05.24"]
[EventType "k.o."]

1. e4 e5 2. Nf3 Nc6 3. d4 exd4 4. Nxd4 Nf6 5. Nxc6 bxc6 6. e5 Qe7 7. Qe2 Nd5 8.
h4 Qe6 9. g3 d6 10. c4 Nb6 11. exd6 Bxd6 12. Be3 O-O 13. Nc3 Bb4 14. Rc1 Na4 15.
Bh3 Qe4 16. O-O Nxc3 17. bxc3 Bxh3 18. f3 Qg6 19. cxb4 Qxg3+ 20. Kh1 Bxf1 21.
Rxf1 Qxh4+ 22. Kg2 Rfe8 23. Qf2 Qxf2+ 24. Kxf2 a5 0-1

[Event "European Hybrid Qual 2021"]
[Site "Tornelo INT"]
[Date "2021.05.25"]
[Round "1.4"]
[White "Pechac, Jergus"]
[Black "Parvanyan, Ashot"]
[Result "1/2-1/2"]
[WhiteTitle "GM"]
[BlackTitle "IM"]
[WhiteElo "2519"]
[BlackElo "2436"]
[WhiteFideId "14926970"]
[BlackFideId "13307550"]
[EventDate "2021.05.24"]
[EventType "k.o."]

1. d4 Nf6 2. c4 g6 3. Nc3 Bg7 4. e4 d6 5. Be2 O-O 6. Nf3 Bg4 7. Be3 Nfd7 8. Qd2
Nc6 9. d5 Nb4 10. a3 Na6 11. b4 c6 12. O-O cxd5 13. cxd5 Nb6 14. Bd4 Bxf3 15.
Bxf3 Nc4 16. Qd1 Rc8 17. Be2 Bxd4 18. Qxd4 Qb6 19. Qxb6 Nxb6 20. Rfc1 Nb8 21. a4
a5 22. Rab1 N6d7 23. bxa5 Nc5 24. f3 Rc7 25. Nb5 Rd7 26. Na7 Rc7 27. Kf2 Nbd7
28. a6 bxa6 29. Nc6 Nf6 30. a5 e6 31. Nb4 exd5 32. exd5 Rfc8 33. Kf1 Ra8 34. Kf2
Rb7 35. Nc6 Rxb1 36. Rxb1 Nxd5 37. Rd1 Nc3 38. Rd4 Nxe2 39. Kxe2 Re8+ 40. Kf2
Re6 41. Nd8 Rf6 42. Nc6 Kf8 43. h4 h6 44. Nb4 Re6 45. Nd5 Nb3 46. Rb4 Nxa5 47.
Ra4 Nb7 48. Rxa6 Nc5 49. Ra3 Re5 50. Ra8+ Kg7 51. Nc7 Nd3+ 52. Kg3 f5 53. Ne8+
Kf7 54. Nxd6+ Ke6 55. Re8+ Kxd6 56. Rd8+ Ke6 57. Rxd3 g5 58. hxg5 hxg5 59. f4
gxf4+ 60. Kxf4 Re4+ 61. Kf3 Kf6 62. Ra3 Kg5 63. Ra8 Rf4+ 64. Kg3 Rg4+ 65. Kf3
Rb4 66. Rg8+ Kf6 67. Rf8+ Kg6 68. Rg8+ Kf7 69. Ra8 Kf6 70. Rf8+ Kg5 71. Rg8+ Kf6
72. g4 Rb3+ 73. Kf4 Rb4+ 74. Kf3 Kf7 75. Rg5 fxg4+ 76. Rxg4 Rxg4 77. Kxg4 1/2-1/2

[Event "European Hybrid Qual 2021"]
[Site "Tornelo INT"]
[Date "2021.05.24"]
[Round "1.1"]
[White "Shengelia, David"]
[Black "Teclaf, Pawel"]
[Result "0-1"]
[WhiteTitle "GM"]
[BlackTitle "IM"]
[WhiteElo "2521"]
[BlackElo "2502"]
[WhiteFideId "13601270"]
[BlackFideId "1185934"]
[EventDate "2021.05.24"]
[EventType "k.o."]

1. d4 e6 2. Nf3 c5 3. e3 b6 4. b3 Bb7 5. Bb2 Nf6 6. Nbd2 cxd4 7. exd4 Bb4 8. c3
Bd6 9. g3 Nc6 10. Bg2 O-O 11. O-O b5 12. Qe2 a5 13. Rfd1 a4 14. Rab1 axb3 15.
axb3 Ra2 16. c4 bxc4 17. bxc4 Ba6 18. Qe3 Ra5 19. Ne5 Qc7 20. Nxc6 dxc6 21. d5
Bc5 22. Qf3 cxd5 23. Bxf6 gxf6 24. cxd5 exd5 25. Nb3 Rb5 26. Nxc5 Rxb1 27. Rxb1
Qxc5 28. Qxf6 Bd3 29. Rd1 Qc2 30. Qg5+ Kh8 31. Qf6+ Kg8 32. Qg5+ Kh8 33. Rc1 Qb2
34. Bxd5 Bg6 35. h4 Kg7 36. Bf3 Qf6 37. Qe3 Bf5 38. Rc6 Qa1+ 39. Kh2 Be6 40. Bd5
Bxd5 41. Qg5+ Kh8 42. Qxd5 Qb2 43. Qf5 Qd4 44. Rh6 Qg7 45. Rf6 Kg8 46. Qf4 Re8
47. h5 Re4 48. Qb8+ Qf8 49. Qb5 h6 50. Qd5 Kg7 51. Qf5 Qe7 52. Ra6 Re5 53. Qf3
Qg5 54. g4 Re7 55. Kh3 Qe5 56. Ra4 Rc7 57. Kg2 Rc3 58. Qb7 Qf6 59. Ra6 Qf4 60.
Rg6+ Kh7 61. Qa7 Qf3+ 62. Kh2 Qh3+ 0-1

[Event "European Hybrid Qual 2021"]
[Site "Tornelo INT"]
[Date "2021.05.25"]
[Round "1.2"]
[White "Teclaf, Pawel"]
[Black "Shengelia, David"]
[Result "1/2-1/2"]
[WhiteTitle "IM"]
[BlackTitle "GM"]
[WhiteElo "2502"]
[BlackElo "2521"]
[WhiteFideId "1185934"]
[BlackFideId "13601270"]
[EventDate "2021.05.24"]
[EventType "k.o."]

1. e4 c5 2. Nf3 Nc6 3. d4 cxd4 4. Nxd4 Nf6 5. Nc3 d6 6. Bc4 e6 7. Bb3 a6 8. Be3
Qc7 9. f4 Na5 10. g4 Nc4 11. Bxc4 Qxc4 12. g5 Nd7 13. Qd3 Qc7 14. O-O-O Nc5 15.
Qe2 b5 16. f5 Qb7 17. Rhf1 b4 18. Nd5 exd5 19. exd5 Kd8 20. Nc6+ Kc7 21. Bxc5
dxc5 22. Ne5 Bd6 23. Nxf7 Bd7 24. Nxd6 Kxd6 25. Qf2 Raf8 26. f6 gxf6 27. gxf6 c4
28. Rfe1 Rf7 29. Qf4+ Kc5 30. Qd4+ Kb5 31. Re5 Re8 32. Rde1 Rxe5 33. Rxe5 Ka5
34. Re7 Rxe7 35. fxe7 Bb5 36. Qe5 Qd7 37. e8=Q Qxe8 38. Qc7+ Ka4 39. b3+ Ka3 40.
Qa5+ Ba4 41. Qxa4+ Qxa4 42. bxa4 Kxa2 43. d6 b3 44. cxb3 cxb3 45. d7 b2+ 46. Kd2
b1=Q 47. d8=Q Qb4+ 48. Ke2 Qe4+ 49. Kd2 Qf4+ 50. Kc3 Qe5+ 51. Kb4 Qe1+ 52. Kc5
Qf2+ 53. Kb4 Qe1+ 54. Kc5 a5 55. Kb5 Qb4+ 56. Ka6 Qxa4 57. Qxa5 Kb3 58. Qxa4+
Kxa4 59. h4 h5 60. Kb6 Kb4 61. Kc6 Kc4 62. Kb6 Kd4 63. Kb5 Ke4 64. Kc4 Kf4 65.
Kd3 Kg4 66. Ke2 Kxh4 67. Kf1 Kg3 68. Kg1 h4 69. Kh1 h3 70. Kg1 h2+ 71. Kh1 Kh3 1/2-1/2

[Event "European Hybrid Qual 2021"]
[Site "Tornelo INT"]
[Date "2021.05.24"]
[Round "1.1"]
[White "Lomasov, Semyon"]
[Black "Can, Isik"]
[Result "1-0"]
[WhiteTitle "IM"]
[BlackTitle "IM"]
[WhiteElo "2525"]
[BlackElo "2394"]
[WhiteFideId "24164879"]
[BlackFideId "6383742"]
[EventDate "2021.05.24"]
[EventType "k.o."]

1. e4 c6 2. d4 d5 3. e5 Bf5 4. Bd3 Bxd3 5. Qxd3 e6 6. Ne2 c5 7. c3 Nc6 8. Nd2
Nge7 9. O-O Nf5 10. Nf3 h5 11. Ng3 Nh4 12. Nxh4 Qxh4 13. f4 g6 14. Be3 cxd4 15.
cxd4 O-O-O 16. b4 Kb8 17. Rfc1 Bh6 18. Ne2 Rc8 19. Bd2 Ne7 20. b5 Rhd8 21. Be1
Qg4 22. Bb4 Nf5 23. h3 Qh4 24. Be1 Qe7 25. g4 Rxc1 26. Rxc1 hxg4 27. hxg4 Bxf4
28. Nxf4 Qg5 29. Qc2 Qxg4+ 30. Ng2 Qxd4+ 31. Bf2 Qxe5 32. b6 Qh8 33. Qc7+ Ka8
34. Rc5 Nd4 35. Kf1 Rb8 36. Ra5 Nb5 37. Rxb5 Rc8 38. Qg3 Qh1+ 39. Bg1 Rc1+ 40.
Ne1 Qe4 41. Rb2 e5 42. Rh2 Rc8 43. bxa7 f5 44. Re2 Qc4 45. Qxe5 f4 46. Kg2 Qc1
47. Nf3 Qc4 48. Rd2 Rd8 49. Bb6 1-0